000 00290nam a2200097Ia 4500
008 231107s2016 xx 000 0 und d
041 _aeng
100 _aWorpole Ken
245 _aContemporary Library Architecture : A Planning & Design Guide
260 _aLondon
_bDelmar Cengage Learning
_c2016
999 _c930433
_d930433